000 00315 a2200133 4500
001 151019
040 _cEscola São Tomás de Aquino
100 _aSHAKESPEARE, William
240 1 0 _aContos de Shakespeare
_lpor
245 1 0 _aContos de Shakespeare
362 0 _a2005
697 _a*LITERATURA JUVENIL
942 _cBK
999 _c151019
_d151019